| 000 | 00699nam a22002057a 4500 | ||
|---|---|---|---|
| 005 | 20240822144044.0 | ||
| 010 | _aENG-141371 | ||
| 020 |
_a9788196288693 _c499.00 |
||
| 020 | _a8196288697 | ||
| 035 | _aEN-124903 | ||
| 037 | _bDBAD | ||
| 082 |
_a954.089 _21 |
||
| 100 |
_aKarkra, B.K. _970421 |
||
| 245 |
_aLittle Known Army Martyrs of 1857: _bWho Paved the Way for Indian Independence/ _cBy B.K. Karkra |
||
| 250 | _a1 | ||
| 260 |
_aNew Delhi _bBookmart Distributors _c2023 |
||
| 270 |
_a210, Ansal Chamber-II, Bikaji Cama Place _bNew Delhi _e110066 _k+91-11-23193636 _k9810700039 _mbookmart329@gmail.com |
||
| 300 |
_avi,212p.: _c23cm(Pb) |
||
| 942 |
_2ddc _cEN _h954.089 _mKAR _e1 |
||
| 999 |
_c205202 _d205202 |
||